000 00348 a2200157 4500
001 192169
020 _a978-85-305-0671-1
040 _cMagnum
100 _aAguiar, Luiz Antonio
240 1 0 _aMitos da civilização
_lpor
245 1 0 _aMitos da civilização
300 _a107
362 0 _a2011
697 _aLITERATURA JUVENIL
942 _cBK
999 _c192169
_d192169